| 000 | 00374nam a2200145 a 4500 | ||
|---|---|---|---|
| 005 | 20140414131914.0 | ||
| 008 | 100902s19uu xx 00 eng d | ||
| 050 |
_aER _bL111 1960 |
||
| 100 | _aLopshire, Robert | ||
| 245 | _aPut me in the zoo. | ||
| 260 |
_aNew York : _bGrolier Book club, _c1960. |
||
| 300 | _a58 | ||
| 650 |
_aAnimals- _xzoo- _xfiction. |
||
| 999 |
_c111385 _d111385 |
||